000 01143nam a2200253 a 4500
001 000002832
005 20200929150251.0
008 800715s1983 mx b s001 f spa
040 _aDO-SdBNP
_bspa
_cBNPHU
041 1 7 _aspa
_heng
_2Código de idioma MARC
082 _a813.509
_bY68p
100 1 _aYoung, Thomas Daniel,
_d1919-
_98967
240 1 3 _aThe past in the present: a thematic study of modern Southern fiction.
_lEspañol.
245 1 3 _aEl pasado en el presente :
_bestudio temático de la novelística moderna del sur de Estados Unidos /
_cThomas Daniel Young ; traducción al español de Ángel Carlos González Ruiz.
260 _aMéxico :
_bNoemana,
_c1983.
300 _a208 p. ;
_c21 cm.
534 _aTítulo de la obra en inglés:
_tThe past in the present: a thematic study of modern Southern fiction.
504 _aIncluye índice.
504 _aIncluye referencias bibliográficas.
650 4 _aNovela estadounidense
_xHistoria y crítica
_98940
650 4 _aLiteratura estadounidense
_ySIGLO XX
_xHistoria y crítica
_98968
700 1 _aGonzález Ruiz, Angel Carlos,
_etr.
_98969
910 _aCatalogación orignal noche
999 _c2666
_d2666